000 00464 a2200157 4500
003 Nust
005 20170207171856.0
040 _cNust
082 _a005.1
100 _aTipu, Rija Fida Ullah BESE-18
245 _aFrom Thinking To Text-Alphabet Recognition Through Brain waves (Hard / Soft-copy)
_cRija Fida Ullah Tipu, Hashim Ehsaan Bandesha, Saqlain
260 _aMCS, NUST
_bRawalpindi
_cMay 2016
300 _a93 p
650 _aUG Projects
651 _aUG CSE Project
942 _cPRG
999 _c219390
_d219390